[Event "Winnipeg Apr Sect-B"]
[Site "Winnipeg CAN"]
[Date "2007.04.20"]
[Round "1"]
[White "Cleto, Sam"]
[Black "Wiebe, Daniel"]
[Result "1-0"]
[WhiteElo "1959"]
[BlackElo "1668"]
[PlyCount "103"]
[GameId "2160767910693074"]
[EventDate "2007.04.20"]
[EventType "tourn"]
[EventRounds "5"]
[EventCountry "CAN"]
[SourceTitle "EXT 2019"]
[Source "ChessBase"]
[SourceDate "2018.10.10"]
[SourceVersion "1"]
[SourceVersionDate "2018.10.10"]
[SourceQuality "1"]

1. e4 e5 2. Nf3 Nc6 3. Bb5 a6 4. Ba4 Bc5 5. c3 d5 6. O-O Bg4 7. d3 dxe4 8. dxe4 Qxd1 9. Bxd1 Nf6 10. Nbd2 O-O-O 11. b4 Ba7 12. a4 b5 13. axb5 axb5 14. Be2 Bxf3 15. gxf3 Rd6 16. Bxb5 Kb8 17. Nc4 Re6 18. Bb2 Nd7 19. Rfd1 Nb6 20. Nxb6 Bxb6 21. Bxc6 Rxc6 22. Rd7 Rf8 23. Kf1 Rh6 24. c4 Bd4 25. Bxd4 exd4 26. Rd5 Rb6 27. b5 Rh6 28. Rxd4 Rxh2 29. Ke2 f5 30. e5 Re8 31. f4 Rh4 32. Kd3 g5 33. fxg5 Rh3+ 34. Kd2 Rxe5 35. Re1 Rxe1 36. Kxe1 Rh5 37. f4 Rh4 38. Kf2 h6 39. gxh6 Rxh6 40. Rd5 Rf6 41. Ke3 Re6+ 42. Re5 Rf6 43. Kd4 Kc8 44. Kd5 Kd7 45. c5 Kd8 46. Re6 Rf7 47. Ke5 Kd7 48. c6+ Kd8 49. Rf6 Rxf6 50. Kxf6 Ke8 51. Kxf5 Kf7 52. b6 1-0

[Event "Winnipeg Apr Sect-B"]
[Site "Winnipeg CAN"]
[Date "2007.04.20"]
[Round "1"]
[White "Green, Jim"]
[Black "Proulx, Roy"]
[Result "0-1"]
[WhiteElo "1757"]
[BlackElo "1752"]
[PlyCount "46"]
[GameId "2160767910693075"]
[EventDate "2007.04.20"]
[EventType "tourn"]
[EventRounds "5"]
[EventCountry "CAN"]
[SourceTitle "EXT 2019"]
[Source "ChessBase"]
[SourceDate "2018.10.10"]
[SourceVersion "1"]
[SourceVersionDate "2018.10.10"]
[SourceQuality "1"]

1. e4 e6 2. d3 d5 3. Nd2 Nf6 4. Ngf3 c5 5. g3 Nc6 6. Bg2 Bd6 7. O-O O-O 8. Re1 Bc7 9. Nf1 d4 10. h4 b5 11. N1h2 Ba5 12. Bd2 Ba6 13. Bxa5 Qxa5 14. e5 Nd5 15. Ng5 Qc7 16. Bh3 Nxe5 17. Nxe6 fxe6 18. Bxe6+ Kh8 19. Bxd5 Rae8 20. Bg2 c4 21. dxc4 bxc4 22. Nf3 Nxf3+ 23. Bxf3 d3 0-1

[Event "Winnipeg Apr Sect-B"]
[Site "Winnipeg CAN"]
[Date "2007.04.20"]
[Round "1"]
[White "Silva, T Romero"]
[Black "Rutter, Blair"]
[Result "1-0"]
[WhiteElo "1887"]
[BlackElo "1949"]
[PlyCount "88"]
[GameId "2160767910693076"]
[EventDate "2007.04.20"]
[EventType "tourn"]
[EventRounds "5"]
[EventCountry "CAN"]
[SourceTitle "EXT 2019"]
[Source "ChessBase"]
[SourceDate "2018.10.10"]
[SourceVersion "1"]
[SourceVersionDate "2018.10.10"]
[SourceQuality "1"]

1. d4 d5 2. c4 e6 3. Nf3 f5 4. a3 Nf6 5. Bg5 Be7 6. e3 O-O 7. Be2 Nbd7 8. O-O c6 9. Nc3 Ne4 10. Bxe7 Qxe7 11. Qb3 Kh8 12. Qc2 g5 13. Nxe4 fxe4 14. Ne1 Nf6 15. f3 Bd7 16. Qc3 Qg7 17. Rc1 Be8 18. Rc2 Bg6 19. Rc1 h5 20. c5 Rf7 21. b4 Raf8 22. a4 Qh6 23. b5 g4 24. f4 Rg8 25. g3 h4 26. Ng2 h3 27. Nh4 Bf5 28. Nxf5 exf5 29. Kh1 Nh5 30. Rf2 Rh7 31. Bf1 Qe6 32. Qa5 Ra8 33. Rb1 Nf6 34. Rfb2 Ng8 35. Qc3 Rc7 36. a5 Ne7 37. b6 Rd7 38. a6 axb6 39. Rxb6 bxa6 40. Bxa6 Kg7 41. Bf1 Ra2 42. Rb7 Kf6 43. Qb4 Ra7 44. Rxd7 Qxd7 1-0

[Event "Winnipeg Apr Sect-B"]
[Site "Winnipeg CAN"]
[Date "2007.04.21"]
[Round "2"]
[White "Green, Jim"]
[Black "Cleto, Sam"]
[Result "1/2-1/2"]
[WhiteElo "1757"]
[BlackElo "1959"]
[PlyCount "95"]
[GameId "2160767910693077"]
[EventDate "2007.04.20"]
[EventType "tourn"]
[EventRounds "5"]
[EventCountry "CAN"]
[SourceTitle "EXT 2019"]
[Source "ChessBase"]
[SourceDate "2018.10.10"]
[SourceVersion "1"]
[SourceVersionDate "2018.10.10"]
[SourceQuality "1"]

1. e4 Nf6 2. Nc3 d6 3. d4 Nbd7 4. Be3 e5 5. d5 Be7 6. Be2 c6 7. dxc6 bxc6 8. f4 O-O 9. Nf3 Ng4 10. Qd2 Nxe3 11. Qxe3 exf4 12. Qxf4 Rb8 13. Nd4 Ne5 14. Nb3 Bg5 15. Qf2 Bh3 16. O-O Bh4 17. Qe3 Bg4 18. h3 Bxe2 19. Nxe2 c5 20. Rab1 a5 21. Qf2 Rb4 22. Nd2 Bf6 23. Qg3 Ng6 24. b3 Be5 25. Qe3 Qh4 26. Kh1 Qe7 27. c3 Rbb8 28. Nc4 Ra8 29. Nxe5 dxe5 30. c4 Rad8 31. Rbd1 Rxd1 32. Rxd1 f5 33. exf5 Rxf5 34. Ng3 Rf4 35. Rd5 Rd4 36. Nf5 Qf8 37. Ng3 Rxd5 38. cxd5 Qd6 39. Ne4 Qxd5 40. Nxc5 Nf4 41. Ne4 h6 42. Qf3 Qd4 43. a4 Nd3 44. Kh2 Ne1 45. Qg4 Qd8 46. Qe6+ Kh8 47. Qxe5 Nd3 48. Qg3 1/2-1/2

[Event "Winnipeg Apr Sect-B"]
[Site "Winnipeg CAN"]
[Date "2007.04.21"]
[Round "2"]
[White "Wiebe, Daniel"]
[Black "Silva, T Romero"]
[Result "0-1"]
[WhiteElo "1668"]
[BlackElo "1887"]
[PlyCount "80"]
[GameId "2160767910693078"]
[EventDate "2007.04.20"]
[EventType "tourn"]
[EventRounds "5"]
[EventCountry "CAN"]
[SourceTitle "EXT 2019"]
[Source "ChessBase"]
[SourceDate "2018.10.10"]
[SourceVersion "1"]
[SourceVersionDate "2018.10.10"]
[SourceQuality "1"]

1. e4 d6 2. Nf3 g6 3. Bc4 Bg7 4. Nc3 c6 5. d4 Nf6 6. O-O O-O 7. e5 dxe5 8. Nxe5 Nbd7 9. f4 Qb6 10. Kh1 Nxe5 11. dxe5 Ng4 12. Qe2 Nh6 13. h3 e6 14. g4 Bd7 15. Ne4 Qc7 16. f5 exf5 17. Bxh6 fxe4 18. Bxg7 Kxg7 19. Qxe4 c5 20. Bd5 Rae8 21. Bxb7 Rxe5 22. Qf3 Be6 23. Qf6+ Kg8 24. Bg2 Re2 25. Qc3 Bd5 26. Rg1 Rfe8 27. Rad1 Bc6 28. Rd3 Be4 29. Rd2 Bxg2+ 30. Rxg2 Re1+ 31. Rg1 Qb7+ 32. Kh2 R8e2+ 33. Rxe2 Rxe2+ 34. Kg3 Qc7+ 35. Kf3 Rh2 36. Rg3 Qc6+ 37. Ke3 Qd6 38. Rf3 g5 39. a3 Qe6+ 40. Kd3 Qe2# 0-1

[Event "Winnipeg Apr Sect-B"]
[Site "Winnipeg CAN"]
[Date "2007.04.21"]
[Round "3"]
[White "Cleto, Sam"]
[Black "Proulx, Roy"]
[Result "0-1"]
[WhiteElo "1959"]
[BlackElo "1752"]
[PlyCount "71"]
[GameId "2160767910693079"]
[EventDate "2007.04.20"]
[EventType "tourn"]
[EventRounds "5"]
[EventCountry "CAN"]
[SourceTitle "EXT 2019"]
[Source "ChessBase"]
[SourceDate "2018.10.10"]
[SourceVersion "1"]
[SourceVersionDate "2018.10.10"]
[SourceQuality "1"]

1. Nf3 d5 2. d4 Nf6 3. Bf4 e6 4. e3 Nbd7 5. c4 c5 6. Bd3 dxc4 7. Bxc4 cxd4 8. exd4 Nb6 9. Bd3 Nbd5 10. Bd2 Bd6 11. O-O Bd7 12. Ne5 Qb6 13. Nc4 Qxd4 14. Nxd6+ Ke7 15. Nxf7 Kxf7 16. Bc3 Nxc3 17. bxc3 Qc5 18. Kh1 Bc6 19. f3 Rad8 20. Qe2 Rxd3 21. Qxd3 Bb5 22. Qd1 Bxf1 23. Qxf1 Rd8 24. a4 Qc4 25. Qe1 Rd3 26. h3 Nd5 27. Ra3 Ne3 28. Nd2 Qd5 29. c4 Qd6 30. Rxd3 Qxd3 31. Ne4 h6 32. c5 Nf5 33. Qc1 Nd4 34. Qf4+ Kg8 35. Ng3 Qc3 36. Qe5 0-1

[Event "Winnipeg Apr Sect-B"]
[Site "Winnipeg CAN"]
[Date "2007.04.21"]
[Round "3"]
[White "Rutter, Blair"]
[Black "Wiebe, Daniel"]
[Result "1-0"]
[WhiteElo "1949"]
[BlackElo "1668"]
[PlyCount "35"]
[GameId "2160767910693080"]
[EventDate "2007.04.20"]
[EventType "tourn"]
[EventRounds "5"]
[EventCountry "CAN"]
[SourceTitle "EXT 2019"]
[Source "ChessBase"]
[SourceDate "2018.10.10"]
[SourceVersion "1"]
[SourceVersionDate "2018.10.10"]
[SourceQuality "1"]

1. c4 Nf6 2. g3 e6 3. Nc3 Bb4 4. Bg2 c5 5. e4 d6 6. Nge2 Nc6 7. O-O a6 8. d3 O-O 9. h3 Rb8 10. f4 Qc7 11. f5 b5 12. Bg5 bxc4 13. dxc4 Bxc3 14. Nxc3 Rxb2 15. Qc1 Rb4 16. Bxf6 gxf6 17. Qh6 Kh8 18. Qxf8# 1-0

[Event "Winnipeg Apr Sect-B"]
[Site "Winnipeg CAN"]
[Date "2007.04.21"]
[Round "3"]
[White "Silva, T Romero"]
[Black "Green, Jim"]
[Result "0-1"]
[WhiteElo "1887"]
[BlackElo "1757"]
[PlyCount "167"]
[GameId "2160767910693081"]
[EventDate "2007.04.20"]
[EventType "tourn"]
[EventRounds "5"]
[EventCountry "CAN"]
[SourceTitle "EXT 2019"]
[Source "ChessBase"]
[SourceDate "2018.10.10"]
[SourceVersion "1"]
[SourceVersionDate "2018.10.10"]
[SourceQuality "1"]

1. d4 d5 2. c4 c6 3. a4 Nf6 4. a5 e6 5. e3 Nbd7 6. Nf3 a6 7. c5 g6 8. Be2 Bg7 9. O-O O-O 10. b4 Re8 11. Bb2 Ne4 12. Nbd2 Nxd2 13. Qxd2 e5 14. dxe5 Nxe5 15. Nxe5 Bxe5 16. Bxe5 Rxe5 17. f4 Re7 18. Bf3 Qe8 19. Rae1 Bf5 20. g4 Be4 21. Qd4 Bxf3 22. Rxf3 Re4 23. Qf6 Qd7 24. Qc3 Qe7 25. g5 Re8 26. Kf2 Rc4 27. Qb2 Qe4 28. Kg3 Rxb4 29. Qf6 d4 30. f5 Qe5+ 31. Qxe5 Rxe5 32. f6 Rxg5+ 33. Kf4 Re5 34. Kg3 h5 35. e4 Rxc5 36. e5 Rc3 37. Rxc3 dxc3 38. Kf3 c2 39. Rc1 Rc4 40. Ke3 Rc5 41. Kd4 Rxa5 42. Rxc2 Rd5+ 43. Ke4 Kf8 44. Rb2 Rd7 45. h4 c5 46. Rc2 b6 47. Ra2 Rd4+ 48. Ke3 a5 49. Rb2 Rb4 50. Rd2 Ke8 51. Rd6 Rb1 52. Rc6 a4 53. Rc8+ Kd7 54. Rf8 Ke6 55. Re8+ Kf5 56. Re7 Re1+ 57. Kd2 Rxe5 58. Rxf7 Re6 59. Ra7 b5 60. Rc7 Kg4 61. f7 Rf6 62. Rxc5 Rxf7 63. Rg5+ Kxh4 64. Rxg6 Rf5 65. Kc3 Rg5 66. Rb6 Kg3 67. Rd6 h4 68. Rd3+ Kg4 69. Rd4+ Kh5 70. Rd8 h3 71. Kb4 Kh4 72. Rd1 Kg3 73. Kc3 h2 74. Kb4 Rf5 75. Rd3+ Kg2 76. Rd2+ Rf2 77. Rd8 h1=Q 78. Rg8+ Kf1 79. Rc8 Qe4+ 80. Ka5 Qe1+ 81. Kb6 Rf6+ 82. Kxb5 Qb1+ 83. Ka5 Qb6+ 84. Kxa4 0-1

[Event "Winnipeg Apr Sect-B"]
[Site "Winnipeg CAN"]
[Date "2007.04.22"]
[Round "4"]
[White "Cleto, Sam"]
[Black "Silva, T Romero"]
[Result "0-1"]
[WhiteElo "1959"]
[BlackElo "1887"]
[PlyCount "66"]
[GameId "2160767910693082"]
[EventDate "2007.04.20"]
[EventType "tourn"]
[EventRounds "5"]
[EventCountry "CAN"]
[SourceTitle "EXT 2019"]
[Source "ChessBase"]
[SourceDate "2018.10.10"]
[SourceVersion "1"]
[SourceVersionDate "2018.10.10"]
[SourceQuality "1"]

1. d4 Nf6 2. c4 c5 3. d5 d6 4. Bg5 Ne4 5. Bf4 Nd7 6. Nf3 g6 7. Qc2 Ndf6 8. e3 Qa5+ 9. Kd1 Bd7 10. a4 Ng4 11. Bg3 Bf5 12. Bd3 Nexf2+ 13. Bxf2 Bxd3 14. Qb3 Nxf2+ 15. Kc1 Bg7 16. Rg1 Be4 17. Ne1 O-O 18. Nd2 Bf5 19. g4 Nxg4 20. e4 Bd7 21. Ra3 Bd4 22. Rg3 Be5 23. Rg2 Bg7 24. Nef3 Bh6 25. h3 Ne3 26. Rg5 Nf1 27. Nxf1 Bxg5+ 28. Nxg5 Qe1+ 29. Qd1 Qh4 30. Rg3 Qf4+ 31. Kb1 h6 32. Nf3 Qxe4+ 33. Ka1 Qxc4 0-1

[Event "Winnipeg Apr Sect-B"]
[Site "Winnipeg CAN"]
[Date "2007.04.22"]
[Round "4"]
[White "Green, Jim"]
[Black "Rutter, Blair"]
[Result "1-0"]
[WhiteElo "1757"]
[BlackElo "1949"]
[PlyCount "70"]
[GameId "2160767910693083"]
[EventDate "2007.04.20"]
[EventType "tourn"]
[EventRounds "5"]
[EventCountry "CAN"]
[SourceTitle "EXT 2019"]
[Source "ChessBase"]
[SourceDate "2018.10.10"]
[SourceVersion "1"]
[SourceVersionDate "2018.10.10"]
[SourceQuality "1"]

1. e4 e6 2. d3 c5 3. Nd2 Nc6 4. Ngf3 d6 5. g3 e5 6. c3 Be7 7. Bg2 Be6 8. O-O h5 9. h4 Qd7 10. Re1 Bg4 11. Nf1 Nh6 12. Ne3 f5 13. exf5 Bxf5 14. Nxf5 Qxf5 15. Qb3 O-O-O 16. Ng5 Bxg5 17. Bxg5 Rdf8 18. Qc2 Ng4 19. Rf1 Kc7 20. Rac1 Re8 21. Be4 Qe6 22. b4 b6 23. Qa4 d5 24. Bg2 Ra8 25. b5 Na5 26. c4 e4 27. cxd5 Qf7 28. Bf4+ Kd7 29. dxe4 Rae8 30. Rxc5 bxc5 31. b6+ Kc8 32. Qxa5 axb6 33. Qa8+ Kd7 34. Qb7+ Kd8 35. Qb8+ Kd7 1-0

[Event "Winnipeg Apr Sect-B"]
[Site "Winnipeg CAN"]
[Date "2007.04.22"]
[Round "5"]
[White "Rutter, Blair"]
[Black "Cleto, Sam"]
[Result "1-0"]
[WhiteElo "1949"]
[BlackElo "1959"]
[PlyCount "53"]
[GameId "2160767910693085"]
[EventDate "2007.04.20"]
[EventType "tourn"]
[EventRounds "5"]
[EventCountry "CAN"]
[SourceTitle "EXT 2019"]
[Source "ChessBase"]
[SourceDate "2018.10.10"]
[SourceVersion "1"]
[SourceVersionDate "2018.10.10"]
[SourceQuality "1"]

1. c4 Nf6 2. g3 c6 3. Bg2 e5 4. e4 d6 5. Nc3 Be7 6. Nge2 Bg4 7. f3 Bc8 8. O-O O-O 9. h3 b5 10. cxb5 cxb5 11. Kh2 a5 12. Nxb5 d5 13. d3 d4 14. f4 exf4 15. Bxf4 Nc6 16. e5 Nd5 17. Bxd5 Qxd5 18. Nc7 Qd7 19. e6 fxe6 20. Nxa8 e5 21. Nb6 Qxh3+ 22. Kg1 exf4 23. Nxc8 fxg3 24. Nxe7+ Nxe7 25. Qb3+ Rf7 26. Qb8+ Nc8 27. Qxg3 1-0

[Event "Winnipeg Apr Sect-B"]
[Site "Winnipeg CAN"]
[Date "2007.04.22"]
[Round "5"]
[White "Wiebe, Daniel"]
[Black "Green, Jim"]
[Result "1/2-1/2"]
[WhiteElo "1668"]
[BlackElo "1757"]
[PlyCount "26"]
[GameId "2160767910693086"]
[EventDate "2007.04.20"]
[EventType "tourn"]
[EventRounds "5"]
[EventCountry "CAN"]
[SourceTitle "EXT 2019"]
[Source "ChessBase"]
[SourceDate "2018.10.10"]
[SourceVersion "1"]
[SourceVersionDate "2018.10.10"]
[SourceQuality "1"]

1. e4 e5 2. Nf3 Nc6 3. Bb5 a6 4. Bxc6 dxc6 5. d3 f6 6. Be3 Bd6 7. h3 Be6 8. d4 exd4 9. Nxd4 Qd7 10. Nxe6 Qxe6 11. Nd2 O-O-O 12. Qg4 Qxg4 13. hxg4 Ne7 1/2-1/2

[Event "Winnipeg Apr Sect-C"]
[Site "Winnipeg CAN"]
[Date "2007.04.20"]
[Round "1"]
[White "Booth, Kevin"]
[Black "Gannon, Keith"]
[Result "1/2-1/2"]
[WhiteElo "1642"]
[BlackElo "1624"]
[PlyCount "186"]
[GameId "2160767910693087"]
[EventDate "2007.04.20"]
[EventType "tourn"]
[EventRounds "5"]
[EventCountry "CAN"]
[SourceTitle "EXT 2019"]
[Source "ChessBase"]
[SourceDate "2018.10.10"]
[SourceVersion "1"]
[SourceVersionDate "2018.10.10"]
[SourceQuality "1"]

1. d4 d5 2. c4 e6 3. Nc3 Nf6 4. Bg5 Be7 5. Nf3 O-O 6. e3 b6 7. cxd5 exd5 8. Bd3 Bb7 9. Qc2 Nbd7 10. O-O h6 11. Bh4 c5 12. b3 Rc8 13. Rac1 a6 14. Qb1 Re8 15. Bf5 Ne4 16. Nxe4 dxe4 17. Bxe4 Bxe4 18. Qxe4 Bxh4 19. Qxh4 Qxh4 20. Nxh4 Re4 21. Nf5 Rb8 22. Rfd1 cxd4 23. Nxd4 Nf8 24. g3 Ne6 25. Nc6 Re8 26. Rc2 a5 27. Rcd2 Ng5 28. Rd8 Kf8 29. h4 Nh7 30. Kg2 Nf6 31. Kf3 R4e6 32. Rxe8+ Nxe8 33. Rc1 Nd6 34. Nd4 Rf6+ 35. Kg2 Ne4 36. Rc2 Nc5 37. a3 h5 38. b4 axb4 39. axb4 Nd3 40. b5 Ne1+ 41. Kf1 Nxc2 42. Nxc2 Rf5 43. Nd4 Rc5 44. Ke2 g6 45. Kf3 Kg7 46. Kf4 Kf6 47. f3 g5+ 48. Ke4 Re5+ 49. Kd3 gxh4 50. gxh4 Rd5 51. f4 Kg6 52. Ke4 Rc5 53. f5+ Kf6 54. Kf4 Re5 55. e4 Rc5 56. Ke3 Rc3+ 57. Kf4 Rc5 58. Ke3 Ke5 59. Nf3+ Kd6 60. Nd4 Rc3+ 61. Kf4 f6 62. Nf3 Rb3 63. Nd4 Rb4 64. Ke3 Rb1 65. Ne6 Rxb5 66. Ng7 Rb1 67. Nxh5 Ke5 68. Kd3 Rh1 69. Ng7 Rxh4 70. Kc4 Rxe4+ 71. Kb5 Rg4 72. Ne8 Kxf5 73. Kxb6 Rg1 74. Kc5 Kg5 75. Kd4 f5 76. Nc7 Kg4 77. Ke3 f4+ 78. Kf2 Rg3 79. Nd5 Rf3+ 80. Kg2 Ra3 81. Nf6+ Kh4 82. Nd5 f3+ 83. Kf2 Kg4 84. Nf6+ Kf4 85. Nd5+ Ke4 86. Nf6+ Kf5 87. Nd5 Rd3 88. Nb4 Rb3 89. Nd5 Ke4 90. Nf6+ Kf5 91. Nd5 Ke5 92. Ne3 Kf4 93. Nd5+ Ke4 1/2-1/2

[Event "Winnipeg Apr Sect-C"]
[Site "Winnipeg CAN"]
[Date "2007.04.20"]
[Round "1"]
[White "Wasserman, Leor"]
[Black "Lipic, Stephen"]
[Result "0-1"]
[WhiteElo "1560"]
[BlackElo "1616"]
[PlyCount "65"]
[GameId "2160767910693088"]
[EventDate "2007.04.20"]
[EventType "tourn"]
[EventRounds "5"]
[EventCountry "CAN"]
[SourceTitle "EXT 2019"]
[Source "ChessBase"]
[SourceDate "2018.10.10"]
[SourceVersion "1"]
[SourceVersionDate "2018.10.10"]
[SourceQuality "1"]

1. e4 c6 2. Nf3 e6 3. Nc3 Na6 4. d4 Nc7 5. Bc4 d5 6. exd5 exd5 7. Bd3 Nf6 8. O-O Be7 9. Bg5 O-O 10. Re1 Ne6 11. Bh4 Qc7 12. Qe2 Re8 13. Qd2 Nf4 14. Bg3 Bd6 15. Rxe8+ Nxe8 16. Ne5 Bxe5 17. dxe5 Nxd3 18. Qxd3 Be6 19. h3 Qe7 20. Qd4 f6 21. exf6 Qxf6 22. Be5 Qg6 23. Qd3 Bf5 24. Qf3 Bxc2 25. Ne2 Be4 26. Nf4 Qf5 27. Qh5 g5 28. Re1 gxf4 29. Qg4+ Qxg4 30. hxg4 f3 31. gxf3 Bxf3 32. Bc3 Ng7 33. Re7 0-1

[Event "Winnipeg Apr Sect-C"]
[Site "Winnipeg CAN"]
[Date "2007.04.21"]
[Round "2"]
[White "Gannon, Keith"]
[Black "Podmoroff, Yuri"]
[Result "1-0"]
[WhiteElo "1624"]
[BlackElo "1563"]
[PlyCount "85"]
[GameId "2160767910693089"]
[EventDate "2007.04.20"]
[EventType "tourn"]
[EventRounds "5"]
[EventCountry "CAN"]
[SourceTitle "EXT 2019"]
[Source "ChessBase"]
[SourceDate "2018.10.10"]
[SourceVersion "1"]
[SourceVersionDate "2018.10.10"]
[SourceQuality "1"]

1. e4 e5 2. Nf3 Nc6 3. Bc4 Bc5 4. O-O d6 5. c3 Bg4 6. Be2 Nf6 7. d3 Qd7 8. Nbd2 O-O-O 9. a3 h5 10. b4 Bb6 11. Nc4 h4 12. Nxb6+ axb6 13. Bg5 h3 14. g3 Rde8 15. Bxf6 gxf6 16. Ne1 Bxe2 17. Qxe2 f5 18. exf5 Qxf5 19. Qf3 Qg6 20. Rd1 e4 21. dxe4 Rxe4 22. Nd3 Ne5 23. Nxe5 Rxe5 24. Rfe1 Rf5 25. Qd3 Qf6 26. Qd4 Qg6 27. Qxh8+ Kd7 28. Qxh3 Kc6 29. a4 Qf6 30. Qg2+ Kd7 31. Re3 c6 32. Rde1 Kc7 33. Re7+ Kb8 34. c4 Re5 35. R7xe5 dxe5 36. Qe4 Ka7 37. Qxe5 Qg6 38. a5 b5 39. cxb5 cxb5 40. Qxb5 f5 41. Qc5+ Kb8 42. b5 f4 43. Qe5+ 1-0

[Event "Winnipeg Apr Sect-C"]
[Site "Winnipeg CAN"]
[Date "2007.04.21"]
[Round "2"]
[White "Lipic, Stephen"]
[Black "Remillard, John"]
[Result "1/2-1/2"]
[WhiteElo "1616"]
[BlackElo "1620"]
[PlyCount "63"]
[GameId "2160767910693090"]
[EventDate "2007.04.20"]
[EventType "tourn"]
[EventRounds "5"]
[EventCountry "CAN"]
[SourceTitle "EXT 2019"]
[Source "ChessBase"]
[SourceDate "2018.10.10"]
[SourceVersion "1"]
[SourceVersionDate "2018.10.10"]
[SourceQuality "1"]

1. f4 b6 2. Nf3 Bb7 3. e3 Nf6 4. Be2 e6 5. O-O Nc6 6. b3 Bd6 7. Bb2 Qe7 8. d3 Bc5 9. d4 Bd6 10. Ne5 O-O-O 11. c4 Bb4 12. a3 Bd6 13. b4 Bxe5 14. fxe5 Ne4 15. Bf3 Ng5 16. Nc3 Nxf3+ 17. gxf3 Qg5+ 18. Kf2 Qh4+ 19. Kg1 f6 20. Qe1 Qg5+ 21. Kf2 fxe5 22. d5 exd5 23. cxd5 Ne7 24. e4 Rhf8 25. Ke2 Qh5 26. Qg3 Ng6 27. Bc1 Rf7 28. Be3 Rdf8 29. Rf2 Nf4+ 30. Bxf4 Rxf4 31. b5 g5 32. h3 1/2-1/2

[Event "Winnipeg Apr Sect-C"]
[Site "Winnipeg CAN"]
[Date "2007.04.21"]
[Round "2"]
[White "Wasserman, Leor"]
[Black "Booth, Kevin"]
[Result "0-1"]
[WhiteElo "1560"]
[BlackElo "1642"]
[PlyCount "100"]
[GameId "2160767910693091"]
[EventDate "2007.04.20"]
[EventType "tourn"]
[EventRounds "5"]
[EventCountry "CAN"]
[SourceTitle "EXT 2019"]
[Source "ChessBase"]
[SourceDate "2018.10.10"]
[SourceVersion "1"]
[SourceVersionDate "2018.10.10"]
[SourceQuality "1"]

1. e4 d6 2. Nf3 g6 3. Nc3 Bg7 4. Bc4 Nf6 5. d3 O-O 6. Be3 Bg4 7. h3 Bxf3 8. Qxf3 Nbd7 9. O-O Ne5 10. Qe2 Nxc4 11. dxc4 Qd7 12. f3 Nh5 13. Qd2 c5 14. Bh6 Bd4+ 15. Kh2 Rfe8 16. Rad1 a6 17. b3 Qe6 18. Be3 Be5+ 19. f4 Bxc3 20. Qxc3 Qxe4 21. Rd5 Nf6 22. Rg5 Qc6 23. Qb2 b5 24. cxb5 axb5 25. f5 Qe4 26. Bf4 h6 27. Rg3 Qxf5 28. Qb1 Nh5 29. Rgf3 Nxf4 30. Rxf4 Qe5 31. Kh1 Rf8 32. Rh4 Kg7 33. Qc1 g5 34. Rg4 Rxa2 35. h4 f6 36. Re1 Qf5 37. Rxe7+ Rf7 38. Ree4 d5 39. Ref4 Qxc2 40. Qe1 Qe2 41. Qb1 Rb2 42. Qf5 Qe5 43. Qd3 c4 44. bxc4 bxc4 45. Qd1 c3 46. Rb4 c2 47. Qc1 Rxb4 48. Rxb4 Qe2 49. Rd4 Re7 50. Kh2 Qe5+ 0-1

[Event "Winnipeg Apr Sect-C"]
[Site "Winnipeg CAN"]
[Date "2007.04.21"]
[Round "3"]
[White "Booth, Kevin"]
[Black "Lipic, Stephen"]
[Result "1-0"]
[WhiteElo "1642"]
[BlackElo "1616"]
[PlyCount "65"]
[GameId "2160767910693092"]
[EventDate "2007.04.20"]
[EventType "tourn"]
[EventRounds "5"]
[EventCountry "CAN"]
[SourceTitle "EXT 2019"]
[Source "ChessBase"]
[SourceDate "2018.10.10"]
[SourceVersion "1"]
[SourceVersionDate "2018.10.10"]
[SourceQuality "1"]

1. d4 c5 2. c3 e6 3. Bf4 d5 4. Nf3 Nc6 5. e3 c4 6. Be2 Bd6 7. Qd2 Bxf4 8. exf4 f5 9. Qe3 Nf6 10. O-O O-O 11. Ne5 Ne4 12. Nd2 Nxd2 13. Qxd2 Nxe5 14. fxe5 Bd7 15. Bf3 b5 16. Rab1 Rb8 17. Qf4 a5 18. Rfe1 Be8 19. Kh1 g5 20. Qg3 h5 21. Bd1 f4 22. Qf3 Bg6 23. Rc1 g4 24. Qe2 Qg5 25. Qd2 Rb7 26. Bc2 Bxc2 27. Qxc2 Rbf7 28. Rb1 f3 29. gxf3 Rxf3 30. Re2 h4 31. Rg1 Qf4 32. Qg6+ Kh8 33. Qh5+ 1-0

[Event "Winnipeg Apr Sect-C"]
[Site "Winnipeg CAN"]
[Date "2007.04.21"]
[Round "3"]
[White "Podmoroff, Yuri"]
[Black "Wasserman, Leor"]
[Result "1-0"]
[WhiteElo "1563"]
[BlackElo "1560"]
[PlyCount "87"]
[GameId "2160767910693093"]
[EventDate "2007.04.20"]
[EventType "tourn"]
[EventRounds "5"]
[EventCountry "CAN"]
[SourceTitle "EXT 2019"]
[Source "ChessBase"]
[SourceDate "2018.10.10"]
[SourceVersion "1"]
[SourceVersionDate "2018.10.10"]
[SourceQuality "1"]

1. e4 e5 2. Nf3 Nc6 3. Bc4 Nf6 4. d3 Bc5 5. O-O O-O 6. Bg5 Be7 7. Nc3 d6 8. Qd2 Bg4 9. Ne1 Qd7 10. f4 h6 11. Bxf6 Bxf6 12. f5 Bg5 13. Qf2 Na5 14. h3 Nxc4 15. dxc4 Bh5 16. g4 Bg6 17. fxg6 fxg6 18. Qe2 Rfe8 19. Nf3 Bf6 20. Nd5 Bd8 21. Kg2 c6 22. Nc3 Bf6 23. Rad1 Qc7 24. Rd3 Rad8 25. Rfd1 Be7 26. Qe3 Qa5 27. a3 a6 28. Nd2 Rf8 29. Nb3 Qc7 30. c5 Kh7 31. cxd6 Rxd6 32. Nc5 Rxd3 33. Rxd3 Qb6 34. N3a4 Qa7 35. Rd7 Bg5 36. Qc3 Bh4 37. Rxb7 Rf2+ 38. Kg1 Qa8 39. Rd7 Qf8 40. Rd2 Rf1+ 41. Kg2 Be1 42. Qe3 Bxd2 43. Qe2 Be1 44. Qxf1 1-0

[Event "Winnipeg Apr Sect-C"]
[Site "Winnipeg CAN"]
[Date "2007.04.21"]
[Round "3"]
[White "Remillard, John"]
[Black "Gannon, Keith"]
[Result "1-0"]
[WhiteElo "1620"]
[BlackElo "1624"]
[PlyCount "75"]
[GameId "2160767910693094"]
[EventDate "2007.04.20"]
[EventType "tourn"]
[EventRounds "5"]
[EventCountry "CAN"]
[SourceTitle "EXT 2019"]
[Source "ChessBase"]
[SourceDate "2018.10.10"]
[SourceVersion "1"]
[SourceVersionDate "2018.10.10"]
[SourceQuality "1"]

1. Nf3 Nf6 2. g3 g6 3. Bg2 Bg7 4. O-O O-O 5. Re1 d5 6. d4 Nc6 7. Nbd2 Re8 8. c4 e6 9. e3 Bd7 10. a3 a5 11. Qc2 dxc4 12. Nxc4 Nd5 13. Bd2 a4 14. e4 Nde7 15. Bc3 b5 16. Nce5 Nxe5 17. dxe5 c5 18. Red1 Qc7 19. Rd2 Nc6 20. Rad1 Rad8 21. b3 axb3 22. Qxb3 Bh6 23. Rd6 Bf8 24. R6d2 b4 25. axb4 cxb4 26. Bb2 Bc8 27. Rc1 Rxd2 28. Nxd2 Bb7 29. Bf1 Rc8 30. Bb5 Qd8 31. Rd1 Qb6 32. Bxc6 Bxc6 33. Nc4 Qb8 34. Nd6 Rd8 35. Qf3 Qc7 36. Rc1 Qd7 37. Rxc6 f5 38. exf6 1-0